Štatistická ročenka 1981 Západoslovenský kraj

Guardado en:
Detalles Bibliográficos
Formato: Libro
Lenguaje:eslovaco
Publicado: Bratislava Slovenský štatistický úrad 1981
Materias:
Etiquetas: Agregar Etiqueta
Sin Etiquetas, Sea el primero en etiquetar este registro!

MARC

LEADER 00000nam a2200000 4500
001 c129270
005 20260116110058.0
041 0 |a slo 
044 |a SK 
245 1 0 |a Štatistická ročenka 1981  |b Západoslovenský kraj 
264 1 |a Bratislava  |b Slovenský štatistický úrad  |c 1981 
300 |a 300 s. 
610 2 0 |a Slovensko